LEADER 01416nam a2200313 a 4500 001 000000171285 003 CaOOAMICUS 005 20181221164533.0 008 181221s2016 it u000 u ita r 020 $a978-88-311-0191-2* 032 $aLibriCat 040 $aPUL$bita 082 14$a616.89 100 1 $aD'Urbano, Chiara.$0(OLS)http://pul/name/110034 245 13$aLa pietra della follia : $bnuove frontiere della psicologia contemporanea : dialogando con Tonino Cantelmi / $cChiara D'Urbano ; prefazione di Costanza Miriano . 260 $aRoma :$bCittà Nuova,$c©2016. 300 $a206 p. ; $c20 cm. 490 1 $aIdee. Psicologia ;$v02 504 $aBibliografia in nota a piè pagina. 650 4$aPsicologia clinica.$0(OLS)http://pul/subject/3414 830 0$aIdee. $pPsicologia ;$v02.$0(OLS)http://pul/title/212129 850 $aPUL 852 $aPUL$W1$xSL Cons. Gen., Altre Classi 3$y75$m616. 89 DURCH 1$j194968$qDDC 21$B199868$CPULBib$Z2$F199868 $H132027 $81 941 1 $a9 996 $6020$a978-88-311-0191-2*$9(OLS)http://pul/number/165600 996 $6082$a616.89$9(OLS)http://pul/classification/3131 996 $6245$aLa pietra della follia : $bnuove frontiere della psicologia contemporanea : dialogando con Tonino Cantelmi / $9(OLS)http://pul/title/212128 996 $6260$aRoma :$bCittà Nuova$9(OLS)http://pul/publisher/47927 LEADER 01392namaa2200337 i 4500 001 000000178600 003 CaOOAMICUS 005 20260316164322.0 007 tu 008 260316s2025 ii 000 u mal r 020 $a978-81-952736-9-0* 040 $aPUL$bita$erda 082 0 $a262.9815 100 1 $aPampara, James Mathew,$cC.M.I.,$eautore.$0(OLS)http://pul/name/74316 245 10$aPaurastya canon Nyamam :$boru aamukham /$cJames Mathew Pampara CMI. 250 $aFirst published may 2025 264 1$aMannanam :$bKarmalakusumam & St. Joseph's Press,$c[2025] 300 $a590 pagine ;$c21 cm 336 $atesto$btxt$2rdacontent 337 $asenza mediazione$bn$2rdamedia 338 $avolume$bnc$2rdacarrier 650 4$aDiritto canonico orientale.$0(OLS)http://pul/subject/8143 850 $aPUL 852 $aPUL$W1$xSL Diritto Canonico 3$y77$m262. 9815 PAMJA 1$j202385$qDDC 21$B207744$CPULBib$Z2$F207744 $H138528 $82 941 1 $a9 960 $aDiritto canonico delle Chiese orientali$98143 996 $6020$a978-81-952736-9-0*$9(OLS)http://pul/number/170902 996 $6082$a262.9815$9(OLS)http://pul/classification/2201 996 $6245$aPaurastya canon Nyamam :$boru aamukham$9(OLS)http://pul/title/220186 996 $6264$aMannanam :$bKarmalakusumam & St. Joseph's Press$9(OLS)http://pul/publisher/87736